[Event "Cadillac Open"]
[Site "Cadillac, MI"]
[Date "1997.11.08"]
[Round "1"]
[White "Rajlich, Vasik"]
[Black "Brumley, Ron"]
[Result "1-0"]
[WhiteElo "2256"]
[BlackElo "1570"]
[PlyCount "43"]
[EventDate "1997.11.08"]

1. e4 c5 2. Nf3 d6 3. d4 cxd4 4. Nxd4 Nf6 5. Nc3 g6 6. Be3 Bg7 7. f3 Nc6 8. Qd2
O-O 9. O-O-O Bd7 10. Kb1 Rc8 11. g4 Ne5 12. h4 h5 13. gxh5 Nxh5 14. Rg1 Nc4 15.
Bxc4 Rxc4 16. Rg5 Bf6 17. Rxh5 gxh5 18. Rg1+ Kh8 19. Ne6 Bxe6 20. Bb6 Kh7 21.
Bxd8 Rxd8 22. e5 1-0

[Event "Cadillac Open Reserve"]
[Site "Cadillac, MI"]
[Date "1997.11.08"]
[Round "1"]
[White "Moulter, Art"]
[Black "Kelly, Douglas"]
[Result "0-1"]
[WhiteElo "1404"]
[BlackElo "1075"]
[PlyCount "50"]
[EventDate "1997.11.08"]

1. Nf3 Nf6 2. d4 e6 3. Bf4 g6 4. e3 h6 5. c3 d6 6. Bd3 g5 7. Bg3 Nh5 8. h3 Nxg3
9. fxg3 Nd7 10. Nbd2 d5 11. Qa4 c6 12. e4 b5 13. Qd1 Bg7 14. Qe2 e5 15. dxe5
Nxe5 16. O-O Nd7 17. g4 O-O 18. a4 b4 19. c4 Bxb2 20. Rab1 Qb6+ 21. Qf2 Qxf2+
22. Rxf2 Bc3 23. Nb3 Ne5 24. Nxe5 Bxe5 25. c5 Be6 {Remainder of scoresheet
illegible} 0-1

[Event "Cadillac Open"]
[Site "Cadillac, MI"]
[Date "1997.11.08"]
[Round "2"]
[White "Matias, I.C."]
[Black "Bailey, Greg"]
[Result "1/2-1/2"]
[WhiteElo "1686"]
[BlackElo "1957"]
[PlyCount "46"]
[EventDate "1997.11.08"]

1. d4 Nf6 2. c4 e6 3. Nc3 Bb4 4. e3 Bxc3+ 5. bxc3 c5 6. Nf3 O-O 7. Bd3 d6 8.
O-O Nc6 9. d5 Ne5 10. Nxe5 dxe5 11. e4 Ne8 12. Qh5 f6 13. f4 Qc7 14. fxe5 g6
15. Qh4 Qxe5 16. Bd2 f5 17. exf5 exf5 18. Rae1 Qf6 19. Qh6 Ng7 20. Bf4 Rf7 21.
Be5 Qd8 22. Rf3 Qf8 23. Rfe3 Bd7 1/2-1/2

[Event "Cadillac Open Reserve"]
[Site "Cadillac, MI"]
[Date "1997.11.08"]
[Round "2"]
[White "Kelly, Douglas"]
[Black "Avery, Bill"]
[Result "0-1"]
[WhiteElo "1075"]
[BlackElo "1420"]
[PlyCount "47"]
[EventDate "1997.11.08"]

1. e4 c5 2. f4 e6 3. Nf3 Nc6 4. Bc4 d5 5. Bb3 dxe4 6. Ne5 Nxe5 7. fxe5 Ne7 8.
O-O Qd4+ 9. Kh1 Bd7 10. Qe2 Ng6 11. Bc4 a6 12. c3 Qxe5 13. a4 Bd6 14. g3 Bc6
15. Qe3 Ne7 16. Kg1 Nf5 17. Qe1 h5 18. d3 h4 19. Bf4 Qf6 20. Bxd6 hxg3 21. Bxg3
Qg5 22. Qf2 e3 23. Qf4 Qxg3+ 24. hxg3 0-1

[Event "Cadillac Open"]
[Site "Cadillac, MI"]
[Date "1997.11.08"]
[Round "1"]
[White "Johnston, Rowland"]
[Black "Finegold, Ben"]
[Result "0-1"]
[WhiteElo "1741"]
[BlackElo "2600"]
[PlyCount "60"]
[EventDate "1997.11.08"]

1. Nf3 c5 2. g3 Nc6 3. Bg2 g6 4. e4 Bg7 5. d3 Nf6 6. O-O O-O 7. c3 d6 8. Nbd2
Rb8 9. a4 b6 10. Nh4 Ba6 11. Nc4 Qd7 12. Re1 Rbd8 13. Ne3 Ne5 14. Bf1 Neg4 15.
f4 Nxe3 16. Bxe3 Bb7 17. h3 c4 18. Kh2 cxd3 19. Bxd3 Nxe4 20. Bxe4 Bxe4 21.
Bxb6 Rb8 22. Rxe4 Rxb6 23. Qe2 Rfb8 24. Rxe7 Rxb2 25. Rxd7 Rxe2+ 26. Kh1 Bxc3
27. Rd1 Bb4 28. Rxa7 Bc5 29. Ra6 Rbb2 30. Nf3 Rf2 0-1

[Event "Cadillac Open Reserve"]
[Site "Cadillac, MI"]
[Date "1997.11.08"]
[Round "1"]
[White "Johnston, Kyle"]
[Black "Mayer, Raymond"]
[Result "0-1"]
[WhiteElo "967"]
[BlackElo "1428"]
[PlyCount "66"]
[EventDate "1997.11.08"]

1. d4 d5 2. e3 Nf6 3. Nf3 Bg4 4. Be2 e6 5. Ne5 Bxe2 6. Qxe2 Nbd7 7. Nxd7 Qxd7
8. b3 Bd6 9. Ba3 O-O 10. Bxd6 Qxd6 11. Nd2 e5 12. c3 c5 13. b4 cxd4 14. b5 dxe3
15. Qxe3 d4 16. Nc4 Qc5 17. Qd3 Rac8 18. Na3 Qxa3 19. O-O Rxc3 20. Qd2 Ne4 21.
Qe1 f5 22. h4 d3 23. f3 d2 24. Qe2 Ng3 25. Qxd2 Nxf1 26. Rxf1 Qc5+ 27. Qf2
Qxf2+ 28. Rxf2 Rc5 29. a4 Rc4 30. a5 Rb4 31. g4 fxg4 32. fxg4 Rxf2 33. Kxf2
Rxg4 0-1

[Event "Cadillac Open"]
[Site "Cadillac, MI"]
[Date "1997.11.08"]
[Round "2"]
[White "Gabbara, Faris"]
[Black "Zaremba, Andrei"]
[Result "0-1"]
[WhiteElo "2200"]
[BlackElo "2298"]
[PlyCount "46"]
[EventDate "1997.11.08"]

1. d4 Nf6 2. Nf3 g6 3. g3 Bg7 4. Bg2 c5 5. c4 cxd4 6. Nxd4 O-O 7. Nc3 Nc6 8.
Nc2 d6 9. O-O Be6 10. Ne3 Rc8 11. Qa4 a6 12. Rd1 Nd7 13. Ncd5 Nd4 14. Rd2 Bxd5
15. Nxd5 Nb6 16. Nxb6 Qxb6 17. e3 Nc6 18. Rb1 Qc5 19. Rd5 Qb4 20. Qc2 Ne5 21.
Bd2 Qxc4 22. Bc3 Qxa2 23. Rd4 Rxc3 0-1

[Event "Cadillac Open Reserve"]
[Site "Cadillac, MI"]
[Date "1997.11.08"]
[Round "3"]
[White "Friday, Matt"]
[Black "Spangler, Richard"]
[Result "0-1"]
[WhiteElo "1186"]
[BlackElo "1383"]
[PlyCount "54"]
[EventDate "1997.11.08"]

1. d4 e5 2. Nf3 exd4 3. Nxd4 d5 4. Bf4 Qe7 5. Nb5 Qb4+ 6. N1c3 Qxf4 7. e3 Qe5
8. Nxd5 Na6 9. Bc4 c6 10. Nbc3 cxd5 11. Nxd5 Be6 12. Bb5+ Bd7 13. Bxd7+ Kxd7
14. Nb6+ Ke6 15. Qd7+ Kf6 16. Nd5+ Kg6 17. Qg4+ Qg5 18. Qe4+ Kh6 19. h4 Qg6 20.
Qf4+ Kh5 21. Rg1 Nh6 22. f3 f5 23. e4 Re8 24. Ne3 Qf6 25. e5 Rxe5 26. g4+ fxg4
27. Rxg4 Qxf4 0-1

[Event "Cadillac Open"]
[Site "Cadillac, MI"]
[Date "1997.11.08"]
[Round "2"]
[White "Finegold, Ben"]
[Black "Rajlich, Vasik"]
[Result "1-0"]
[WhiteElo "2600"]
[BlackElo "2256"]
[PlyCount "103"]
[EventDate "1997.11.08"]

1. Nc3 d5 2. d4 Nf6 3. Bg5 Nbd7 4. Nf3 h6 5. Bh4 c6 6. e3 Qb6 7. Rb1 Ne4 8.
Nxe4 dxe4 9. Nd2 Qa5 10. c3 Nf6 11. b4 Qa3 12. Rb3 Qxa2 13. Qc1 a5 14. Ra3 Qd5
15. Nc4 Nd7 16. Rxa5 Rxa5 17. bxa5 e6 18. Be2 g5 19. Bg3 Be7 20. Qa1 O-O 21. h4
b5 22. axb6 Bb7 23. hxg5 hxg5 24. Qb1 Ra8 25. f3 Qb5 26. Nb2 Qb3 27. O-O exf3
28. Bxf3 Ra6 29. Bc7 Qxc3 30. Nd3 Ra3 31. Nf2 Rb3 32. Qe4 Qxe3 33. Qxe3 Rxe3
34. Ra1 Bf6 35. Ra7 Bxd4 36. Kh2 Nc5 37. Ne4 g4 38. Nxc5 Bxc5 39. Bxg4 f5 40.
Bf3 Bc8 41. Ra8 Kf7 42. Rxc8 Rb3 43. Rb8 Bf2 44. Bxc6 Rb4 45. g3 Rb2 46. Bg2 e5
47. b7 e4 48. Be5 Rb5 49. Rh8 Rxb7 50. Rh7+ Ke6 51. Rxb7 Kxe5 52. Rb5+ 1-0

[Event "Cadillac Open"]
[Site "Cadillac, MI"]
[Date "1997.11.08"]
[Round "3"]
[White "Dunlap, Robert"]
[Black "Rajlich, Vasik"]
[Result "0-1"]
[WhiteElo "1637"]
[BlackElo "2256"]
[PlyCount "56"]
[EventDate "1997.11.08"]

1. e4 c5 2. Nf3 d6 3. Nc3 Nf6 4. Bc4 a6 5. e5 dxe5 6. Nxe5 e6 7. O-O Qd4 8. Qe2
b5 9. Nf3 Qxc4 10. d3 Qg4 11. h3 Qh5 12. Ne4 Nxe4 13. Qxe4 Qd5 14. Qg4 Nd7 15.
Bf4 Bb7 16. Rfe1 Nf6 17. Qh4 Qh5 18. Qxh5 Nxh5 19. Bg5 Bxf3 20. gxf3 Be7 21. f4
h6 22. Bxe7 Kxe7 23. f5 Rhd8 24. Re4 Rd6 25. Rae1 Rad8 26. f4 Kf6 27. Re5 exf5
28. Rxc5 Re6 0-1

[Event "Cadillac Open"]
[Site "Cadillac, MI"]
[Date "1997.11.08"]
[Round "2"]
[White "Brumley, Ron"]
[Black "Johnston, Rowland"]
[Result "1-0"]
[WhiteElo "1570"]
[BlackElo "1741"]
[PlyCount "73"]
[EventDate "1997.11.08"]

1. d4 Nf6 2. Nf3 d5 3. Bg5 Ne4 4. Bh4 c6 5. Nbd2 Qa5 6. c3 Bf5 7. Nxe4 dxe4 8.
Nd2 Nd7 9. f3 exf3 10. Nxf3 e6 11. Nd2 Nf6 12. Bxf6 gxf6 13. e4 Bg6 14. Bd3 Qg5
15. Qe2 Bh6 16. h4 Qg3+ 17. Kd1 Bxd2 18. Kxd2 h5 19. Raf1 Ke7 20. Rh3 Qg4 21.
Qf3 Kd7 22. Rf2 Raf8 23. Ke3 Qxf3+ 24. Rhxf3 e5 25. Rxf6 exd4+ 26. cxd4 Re8 27.
e5 Rhg8 28. Bc4 c5 29. Bb5+ Kc7 30. Bxe8 cxd4+ 31. Kxd4 Rxe8 32. Rxf7+ Bxf7 33.
Rxf7+ Kc8 34. Rg7 Rd8+ 35. Ke3 Rd5 36. Rg5 Rb5 37. b3 1-0

[Event "Cadillac Open"]
[Site "Cadillac, MI"]
[Date "1997.11.08"]
[Round "3"]
[White "Brumley, Ron"]
[Black "Gabbara, Faris"]
[Result "0-1"]
[WhiteElo "1570"]
[BlackElo "2200"]
[PlyCount "48"]
[EventDate "1997.11.08"]

1. d4 Nf6 2. Nf3 e6 3. Bg5 d5 4. Nbd2 Be7 5. e3 O-O 6. Bd3 b6 7. O-O Bb7 8. c3
h6 9. Bh4 Nbd7 10. Qc2 c5 11. Rfe1 Rc8 12. a4 Re8 13. Bg3 Bf8 14. a5 c4 15. Bf1
b5 16. b4 cxb3 17. Qxb3 a6 18. Rec1 Nh5 19. Ne1 Nxg3 20. hxg3 e5 21. dxe5 Nxe5
22. c4 dxc4 23. Nxc4 Qd5 24. Rd1 bxc4 0-1

[Event "Cadillac Open"]
[Site "Cadillac, MI"]
[Date "1997.11.08"]
[Round "1"]
[White "Bailey, Greg"]
[Black "Dunlap, Robert"]
[Result "1-0"]
[WhiteElo "1957"]
[BlackElo "1637"]
[PlyCount "79"]
[EventDate "1997.11.08"]

1. Nf3 Nf6 2. g3 d5 3. Bg2 Nc6 4. d4 Bf5 5. O-O e6 6. c4 Be7 7. Nc3 Qd7 8. cxd5
exd5 9. Qb3 O-O-O 10. Ne5 Qe6 11. Nxc6 Qxc6 12. Bg5 Qc4 13. Bxd5 Qxb3 14. Bxb3
Rxd4 15. Bxf7 h6 16. Be3 Rb4 17. Bb3 Ne4 18. Nd5 Re8 19. Nxb4 Bxb4 20. Rfd1 Bh3
21. Rac1 g5 22. Bxa7 b6 23. Bxb6 c5 24. Bd5 Bd2 25. Rxd2 Nxd2 26. Rxc5+ Kb8 27.
Bc7+ Kc8 28. Ba5+ Kb8 29. Bxd2 Rxe2 30. Rc2 Re5 31. Bg2 Bf5 32. Rc1 Re2 33. Bc3
h5 34. Re1 Rc2 35. Be4 Bxe4 36. Rxe4 Kc7 37. h4 Kd6 38. hxg5 Kd5 39. Re5+ Kd6
40. f4 1-0

[Event "Cadillac Open"]
[Site "Cadillac, MI"]
[Date "1997.11.08"]
[Round "3"]
[White "Bailey, Greg"]
[Black "Croel, Duane"]
[Result "1-0"]
[WhiteElo "1957"]
[BlackElo "1765"]
[PlyCount "54"]
[EventDate "1997.11.08"]

1. Nf3 Nf6 2. c4 g6 3. g3 Bg7 4. Bg2 O-O 5. Nc3 d6 6. O-O Nbd7 7. d4 c6 8. e4
e5 9. d5 c5 10. Ne1 Ne8 11. Nd3 f5 12. f4 Qe7 13. exf5 gxf5 14. fxe5 Nxe5 15.
Nxe5 dxe5 16. Be3 b6 17. d6 Nxd6 18. Bxa8 Nxc4 19. Bd5+ Be6 20. Bg5 Qf7 21.
Bxe6 Qxe6 22. Qd5 Qxd5 23. Nxd5 e4 24. Ne7+ Kh8 25. Rxf5 Rxf5 26. Nxf5 Bxb2 27.
Re1 Ne5 1-0

[Event "Cadillac Open Reserve"]
[Site "Cadillac, MI"]
[Date "1997.11.08"]
[Round "1"]
[White "Avery, Bill"]
[Black "Tallman, Bryan"]
[Result "1-0"]
[WhiteElo "1420"]
[BlackElo "763"]
[PlyCount "58"]
[EventDate "1997.11.08"]

1. d4 d5 2. Nf3 Nc6 3. Bf4 e6 4. e3 Nf6 5. c4 Bd6 6. Bxd6 cxd6 7. Nc3 O-O 8.
cxd5 exd5 9. Bd3 Nb4 10. Be2 Bf5 11. O-O Ng4 12. Qb3 a5 13. a3 Nc6 14. Rac1 Be4
15. Nxd5 Bxf3 16. Bxf3 Qh4 17. Bxg4 Qxg4 18. Qxb7 Rfc8 19. Rxc6 Rxc6 20. Ne7+
Kf8 21. Qxa8+ Kxe7 22. Qxc6 f5 23. Rc1 f4 24. Qe4+ Kf6 25. Qxf4+ Qf5 26. Qxf5+
Kxf5 27. Rc7 Kg6 28. Ra7 h5 29. Rxa5 Kf6 {Remainder of scoresheet illegible}
1-0

[Event "Cadillac Open Reserve"]
[Site "Cadillac, MI"]
[Date "1997.11.08"]
[Round "3"]
[White "Avery, Bill"]
[Black "Mayer, Raymond"]
[Result "0-1"]
[WhiteElo "1420"]
[BlackElo "1428"]
[PlyCount "58"]
[EventDate "1997.11.08"]

{11/8} 1. d4 d5 2. Nf3 Nf6 3. Bf4 e6 4. e3 c5 5. c3 b6 6. a4 Ba6 7. Bxa6 Nxa6
8. Na3 Bd6 9. Ne5 Bxe5 10. Bxe5 O-O 11. Nb5 Nd7 12. Bd6 Re8 13. Qe2 Nf8 14. h4
f6 15. Bg3 e5 16. O-O Nb8 17. h5 a6 18. Na3 cxd4 19. exd4 exd4 20. Qd3 Nc6 21.
cxd4 Re4 22. Nc2 Qd7 23. f3 Re7 24. Rfe1 Ne6 25. Re2 Ng5 26. Rae1 Rf7 27. Qb3
Na5 28. Qxb6 Nc4 29. b3 Nxb6 0-1

[Event "Cadillac Open"]
[Site "Cadillac, MI"]
[Date "1997.11.09"]
[Round "5"]
[White "Zaremba, Andrei"]
[Black "Bailey, Greg"]
[Result "1-0"]
[WhiteElo "2298"]
[BlackElo "1957"]
[PlyCount "53"]
[EventDate "1997.11.08"]

1. c4 c5 2. Nf3 Nf6 3. g3 b6 4. Bg2 Bb7 5. O-O e6 6. Nc3 Be7 7. b3 O-O 8. Bb2
d5 9. cxd5 Nxd5 10. Nxd5 Bxd5 11. d3 Nd7 12. e4 Bb7 13. Qe2 Ba6 14. Rfd1 Rc8
15. e5 Nb8 16. Qe4 Rc7 17. d4 Rd7 18. h4 Bb7 19. Qg4 Nc6 20. h5 cxd4 21. Bxd4
Nxd4 22. Nxd4 Bxg2 23. Nxe6 Rxd1+ 24. Rxd1 Qxd1+ 25. Qxd1 Bc6 26. Nxf8 Kxf8 27.
Qc2 1-0

[Event "Cadillac Open"]
[Site "Cadillac, MI"]
[Date "1997.11.09"]
[Round "4"]
[White "Rajlich, Vasik"]
[Black "Zaremba, Andrei"]
[Result "0-1"]
[WhiteElo "2256"]
[BlackElo "2298"]
[PlyCount "40"]
[EventDate "1997.11.08"]

1. e4 d6 2. d4 Nf6 3. f3 g6 4. c4 Bg7 5. Nc3 O-O 6. Be3 e5 7. d5 c5 8. g4 Ne8
9. Qd2 f5 10. gxf5 gxf5 11. Bh3 f4 12. Bxc8 Qxc8 13. Bf2 Nd7 14. Nge2 a6 15.
O-O Ndf6 16. Kh1 Kh8 17. Rab1 Rg8 18. b4 cxb4 19. Rxb4 Qh3 20. Qd1 Bh6 0-1

[Event "Cadillac Open Reserve"]
[Site "Cadillac, MI"]
[Date "1997.11.09"]
[Round "1"]
[White "Mitchell, Dave"]
[Black "McNew, Donald"]
[Result "0-1"]
[WhiteElo "1267"]
[BlackElo "1426"]
[PlyCount "64"]
[EventDate "1997.11.08"]

1. e4 c5 2. g3 Nc6 3. Bg2 d6 4. Nc3 Nf6 5. d3 e6 6. Be3 Be7 7. f4 O-O 8. Nf3 a6
9. a4 Rb8 10. O-O b6 11. Qd2 Qc7 12. h3 d5 13. e5 d4 14. exf6 dxe3 15. Qxe3
Bxf6 16. Rfe1 Nd4 17. Ne5 Nxc2 18. Qd2 Nxa1 19. Rxa1 Bxe5 20. fxe5 Qxe5 21. Kh2
Bb7 22. Re1 Qc7 23. Ne4 Bxe4 24. Rxe4 Rbd8 25. Qc3 Rd6 26. b4 Rfd8 27. Kg1 f5
28. Rf4 Rxd3 29. Qe1 Qd6 30. bxc5 bxc5 31. Qa5 g5 32. Rc4 Qxg3 0-1

[Event "Cadillac Open Reserve"]
[Site "Cadillac, MI"]
[Date "1997.11.09"]
[Round "4"]
[White "McNew, Donald"]
[Black "Avery, Bill"]
[Result "1-0"]
[WhiteElo "1426"]
[BlackElo "1420"]
[PlyCount "53"]
[EventDate "1997.11.08"]

1. d4 d5 2. c4 e6 3. cxd5 exd5 4. Nc3 Nf6 5. Nf3 Nc6 6. Bg5 Be7 7. e3 h6 8. Bh4
Bf5 9. Qb3 Nb4 10. Rc1 c6 11. a3 Nd3+ 12. Bxd3 Bxd3 13. Bxf6 Bc4 14. Qxb7 Bxf6
15. Qxc6+ Kf8 16. Qa4 Rb8 17. b4 a6 18. Nd2 Bd3 19. Nb3 Qe7 20. Nxd5 Qe6 21.
Nxf6 gxf6 22. Qc6 Qg4 23. Qf3 Qxf3 24. gxf3 Rg8 25. Kd2 Bb5 26. Rhg1 Rh8 27.
Rc7 1-0

[Event "Cadillac Open Reserve"]
[Site "Cadillac, MI"]
[Date "1997.11.09"]
[Round "5"]
[White "Mayer, Raymond"]
[Black "McNew, Donald"]
[Result "0-1"]
[WhiteElo "1428"]
[BlackElo "1426"]
[PlyCount "82"]
[EventDate "1997.11.08"]

1. d4 Nf6 2. c4 e6 3. Nc3 Bb4 4. Bg5 h6 5. Bxf6 Qxf6 6. a3 Bxc3+ 7. bxc3 b6 8.
e4 Bb7 9. Bd3 Qg5 10. Nf3 Qa5 11. Qc2 d6 12. O-O Nd7 13. Rfd1 O-O 14. Rab1 Qh5
15. Be2 Qg6 16. Bd3 f5 17. d5 exd5 18. cxd5 Nc5 19. Nh4 Qg5 20. Nxf5 Rae8 21.
Ng3 h5 22. Qd2 Qxd2 23. Rxd2 h4 24. Nf5 Nxd3 25. Rxd3 Rxe4 26. Ne3 Rff4 27. Rb4
a5 28. Rxe4 Rxe4 29. h3 Kf7 30. g3 hxg3 31. fxg3 Ba6 32. c4 b5 33. cxb5 Bxb5
34. Rc3 Kg6 35. Kf2 Re7 36. Rb3 Bd7 37. h4 Kf6 38. Nc4 a4 39. Rf3+ Kg6 40. Rf4
Bb5 41. Nb2 Re2+ 0-1

[Event "Cadillac Open"]
[Site "Cadillac, MI"]
[Date "1997.11.09"]
[Round "4"]
[White "Matias, I.C."]
[Black "Brumley, Ron"]
[Result "0-1"]
[WhiteElo "1686"]
[BlackElo "1570"]
[PlyCount "118"]
[EventDate "1997.11.08"]

1. d4 d5 2. c4 dxc4 3. Nf3 Nf6 4. e3 e6 5. Bxc4 c5 6. O-O a6 7. Qe2 b5 8. Bb3
Nc6 9. Rd1 c4 10. Bc2 Nb4 11. a4 Bb7 12. Nc3 Nxc2 13. Qxc2 Qb6 14. e4 Rd8 15.
Bg5 Be7 16. axb5 axb5 17. e5 Nd5 18. Ne4 f6 19. exf6 gxf6 20. Bh6 Kd7 21. Qe2
Rhg8 22. Re1 Rg6 23. Nc5+ Bxc5 24. dxc5 Qc6 25. Nd4 Nf4 26. Nxc6 Nxe2+ 27. Rxe2
Bxc6 28. Rd1+ Bd5 29. Bf4 Rxg2+ 30. Kf1 Rdg8 31. Bg3 R2xg3 32. hxg3 Kc6 33. Ra1
Rg7 34. Ke1 Kxc5 35. Kd2 Rd7 36. Ke3 Rb7 37. f4 b4 38. Ra5+ Kb6 39. Ra4 Kb5 40.
Ra1 Rg7 41. Rg1 Ka4 42. Ra1+ Kb3 43. Kf2 c3 44. bxc3 Kxc3 45. Rc1+ Kd3 46. Rd1+
Kc4 47. Rc2+ Kb3 48. Re2 Rc7 49. f5 Bc4 50. Re3+ Kc2 51. Ke1 b3 52. Rd2+ Kb1
53. fxe6 Re7 54. Rd7 Rxe6 55. Rxe6 Bxe6 56. Rd6 Bg8 57. Kd2 b2 58. Rxf6 Ka1 59.
Ra6+ Ba2 0-1

[Event "Cadillac Open"]
[Site "Cadillac, MI"]
[Date "1997.11.09"]
[Round "5"]
[White "Gabbara, Faris"]
[Black "Finegold, Ben"]
[Result "0-1"]
[WhiteElo "2200"]
[BlackElo "2600"]
[PlyCount "50"]
[EventDate "1997.11.08"]

1. Nf3 c5 2. c4 Nc6 3. Nc3 Nf6 4. g3 g6 5. Bg2 Bg7 6. O-O O-O 7. d4 cxd4 8.
Nxd4 Ng4 9. Nxc6 dxc6 10. Qxd8 Rxd8 11. Bg5 Kf8 12. Rac1 h6 13. Bf4 e5 14. Be3
Nxe3 15. fxe3 Ke7 16. Rfd1 Be6 17. b3 f5 18. e4 h5 19. e3 Bh6 20. Kf2 f4 21.
Rxd8 Rxd8 22. Ke2 fxe3 23. Rd1 Bg4+ 24. Bf3 Bxf3+ 25. Kxf3 Rf8+ 0-1

[Event "Cadillac Open"]
[Site "Cadillac, MI"]
[Date "1997.11.09"]
[Round "4"]
[White "Gabbara, Faris"]
[Black "Croel, Duane"]
[Result "1-0"]
[WhiteElo "2200"]
[BlackElo "1765"]
[PlyCount "61"]
[EventDate "1997.11.08"]

1. d4 Nf6 2. Nf3 g6 3. Nc3 d5 4. Bg5 Ne4 5. Bh4 Bg7 6. e3 c5 7. Bd3 Nxc3 8.
bxc3 c4 9. Be2 Qa5 10. Qd2 Nd7 11. Ng1 Nc5 12. Bf3 e6 13. Ne2 Ne4 14. Bxe4 dxe4
15. O-O O-O 16. f3 exf3 17. Rxf3 Bh6 18. Bf6 Bd7 19. Raf1 Bc6 20. Rh3 Bg5 21.
Bxg5 Qxg5 22. Rg3 Qd5 23. Nf4 Qe4 24. Qe2 Kh8 25. Rg4 f5 26. Nxg6+ hxg6 27.
Rxe4 Bxe4 28. Qxc4 Bd5 29. Qc7 Kg8 30. c4 Rac8 31. Qg3 1-0

[Event "Cadillac Open"]
[Site "Cadillac, MI"]
[Date "1997.11.09"]
[Round "4"]
[White "Finegold, Ben"]
[Black "Bailey, Greg"]
[Result "1-0"]
[WhiteElo "2600"]
[BlackElo "1957"]
[PlyCount "61"]
[EventDate "1997.11.08"]

1. d4 Nf6 2. c4 e6 3. Nc3 Bb4 4. Qc2 Nc6 5. Nf3 b6 6. e4 e5 7. dxe5 Bxc3+ 8.
bxc3 Ng8 9. h4 Qe7 10. Bf4 Bb7 11. Be2 h6 12. Rd1 O-O-O 13. h5 f6 14. exf6 Nxf6
15. e5 Ng4 16. Qf5 Nxf2 17. Kxf2 Rhf8 18. Qg4 Nxe5 19. Bxe5 Qxe5 20. Rd4 Qa5
21. Rhd1 Bc6 22. R1d2 Qxc3 23. R4d3 Qe5 24. Kg1 Qa1+ 25. Kh2 Qf6 26. Nd4 Qe5+
27. Qg3 Rf4 28. Nxc6 Rh4+ 29. Kg1 Qxg3 30. Rxg3 dxc6 31. Bg4+ 1-0

[Event "Cadillac Open"]
[Site "Cadillac, MI"]
[Date "1997.11.09"]
[Round "4"]
[White "Dunlap, Robert"]
[Black "Johnston, Rowland"]
[Result "0-1"]
[WhiteElo "1637"]
[BlackElo "1741"]
[PlyCount "81"]
[EventDate "1997.11.08"]

1. e4 d5 2. exd5 Nf6 3. c4 c6 4. dxc6 Nxc6 5. Nf3 e5 6. Nc3 Bf5 7. d4 exd4 8.
Nb5 Bb4+ 9. Bd2 d3 10. Qb3 Qe7+ 11. Kd1 Bxd2 12. Nxd2 Ng4 13. Nf3 Nxf2+ 14. Kd2
Ne4+ 15. Kd1 O-O 16. Nbd4 Nxd4 17. Nxd4 Qg5 18. Nf3 Bg4 19. Qb4 Rfe8 20. Bxd3
Nf2+ 21. Kc2 Nxd3 22. Qxb7 Bf5 23. Qxa8 Rxa8 24. Nxg5 Nf2+ 25. Kc3 Nxh1 26.
Rxh1 h6 27. Nf3 Re8 28. Re1 Rxe1 29. Nxe1 Kf8 30. Kd4 Ke7 31. Nd3 Kd6 32. b4
Kc7 33. a4 Kb6 34. a5+ Kc7 35. g3 g5 36. Ne5 Be6 37. g4 h5 38. gxh5 f5 39. h6
Bg8 40. b5 f4 41. c5 0-1

[Event "Cadillac Open"]
[Site "Cadillac, MI"]
[Date "1997.11.09"]
[Round "5"]
[White "Croel, Duane"]
[Black "Rajlich, Vasik"]
[Result "1/2-1/2"]
[WhiteElo "1765"]
[BlackElo "2256"]
[PlyCount "62"]
[EventDate "1997.11.08"]

1. d4 Nf6 2. c4 g6 3. Nc3 Bg7 4. e3 O-O 5. Nf3 c5 6. Be2 cxd4 7. exd4 d5 8. O-O
Nc6 9. h3 b6 10. Be3 Bb7 11. Qd2 dxc4 12. Bxc4 Rc8 13. Be2 e6 14. Rfd1 Qe7 15.
Bh6 Rfd8 16. Bxg7 Kxg7 17. d5 Nxd5 18. Nxd5 Rxd5 19. Qc3+ Nd4 20. Bc4 e5 21.
Nxd4 Qd7 22. Bxd5 Rxc3 23. Bxb7 Rc4 24. Bc6 Rxc6 25. Nxc6 Qxc6 26. Rac1 Qb5 27.
Rc2 h5 28. Rdd2 h4 29. Re2 f5 30. Red2 a5 31. Rd6 Qb4 1/2-1/2

[Event "Cadillac Open"]
[Site "Cadillac, MI"]
[Date "1997.11.09"]
[Round "5"]
[White "Brumley, Ron"]
[Black "Dunlap, Robert"]
[Result "0-1"]
[WhiteElo "1570"]
[BlackElo "1637"]
[PlyCount "86"]
[EventDate "1997.11.08"]

1. d4 Nf6 2. Nf3 e6 3. Bg5 c5 4. e3 Nc6 5. Nbd2 Be7 6. c3 b6 7. Bd3 Bb7 8. a4
O-O 9. O-O Nd5 10. Bxe7 Ncxe7 11. Re1 f5 12. e4 Nf4 13. Bf1 Neg6 14. g3 fxe4
15. Nxe4 Nd5 16. dxc5 bxc5 17. Nxc5 Bc6 18. Nd4 Qf6 19. Ne4 Qe7 20. Nxc6 dxc6
21. Qc2 Ne5 22. f4 Nf3+ 23. Kh1 Nxe1 24. Rxe1 h6 25. a5 Qc7 26. b4 Rae8 27. Nc5
e5 28. f5 g6 29. Ne6 Rxe6 30. fxe6 Kg7 31. Bd3 Rf6 32. Qd2 Rxe6 33. c4 Nf6 34.
Be4 Rd6 35. Qc3 Rd4 36. Qc2 Nxe4 37. Rxe4 Qf7 38. Kg2 Qf5 39. Re2 Qe6 40. Re4
Qd6 41. Qb1 Rd2+ 42. Kh3 h5 43. Qa1 Qd7+ 0-1

[Event "Michigan Action"]
[Site "Detroit, MI"]
[Date "1997.12.14"]
[Round "6"]
[White "Wood, Chad"]
[Black "Mailing, Ian"]
[Result "0-1"]
[WhiteElo "1605"]
[BlackElo "2135"]
[PlyCount "44"]
[EventDate "1997.12.14"]

1. c4 Nf6 2. Nc3 c6 3. e3 d5 4. d4 Bf5 5. Qb3 Qd7 6. Nf3 e6 7. Ne5 Qc7 8. cxd5
exd5 9. Bd3 Bxd3 10. Nxd3 Bd6 11. h3 O-O 12. O-O Nbd7 13. Re1 Rfe8 14. Na4 Ne4
15. Qc2 Re7 16. Nac5 Ndf6 17. Nf4 Nxc5 18. dxc5 Bxf4 19. exf4 Rxe1+ 20. Kh2
Rae8 21. b4 R8e2 22. Qc3 Ne4 0-1

[Event "Michigan Action"]
[Site "Detroit, MI"]
[Date "1997.12.14"]
[Round "3"]
[White "Wood, Chad"]
[Black "Chrzan, Anthony"]
[Result "0-1"]
[WhiteElo "1605"]
[BlackElo "1605"]
[PlyCount "42"]
[EventDate "1997.12.14"]

1. c4 c5 2. Nf3 Nf6 3. e3 g6 4. d4 e6 5. Nc3 Nc6 6. Bd3 d5 7. O-O Bd6 8. Qb3 a6
9. cxd5 exd5 10. Nxd5 Nxd5 11. Qxd5 Bxh2+ 12. Kxh2 Qxd5 13. b3 Qh5+ 14. Kg1
cxd4 15. exd4 O-O 16. Re1 Bg4 17. Ng5 Nxd4 18. Re7 Ne2+ 19. Bxe2 Bxe2 20. Re5
f6 21. Nf7 fxe5 0-1

[Event "Michigan Action"]
[Site "Detroit, MI"]
[Date "1997.12.14"]
[Round "1"]
[White "Wood, Chad"]
[Black "Bainbridge, Chris"]
[Result "1-0"]
[WhiteElo "1605"]
[BlackElo "1605"]
[PlyCount "41"]
[EventDate "1997.12.14"]

1. c4 e6 2. Nf3 d5 3. e3 Ne7 4. Nc3 c6 5. d4 g6 6. Bd3 Bg7 7. O-O O-O 8. Qc2 f5
9. Bd2 Qd6 10. c5 Qc7 11. b4 b6 12. Rab1 Ba6 13. Ng5 Rf6 14. a4 e5 15. b5 Bb7
16. bxc6 Nbxc6 17. Nb5 Qd7 18. Nd6 e4 19. Bb5 Rxd6 20. cxd6 Qxd6 21. Bc3 {
[Remainder of scoresheet illegible.]} 1-0

[Event "Michigan Action"]
[Site "Detroit, MI"]
[Date "1997.12.14"]
[Round "6"]
[White "Williams, Ron"]
[Black "Sims, Chris"]
[Result "1-0"]
[WhiteElo "1870"]
[BlackElo "1605"]
[PlyCount "57"]
[EventDate "1997.12.14"]

1. e4 e5 2. Nf3 Nc6 3. Bc4 Nf6 4. Ng5 d5 5. exd5 Na5 6. Qe2 Nxc4 7. Qxc4 Qxd5
8. Qxd5 Nxd5 9. O-O Bd6 10. Ne4 O-O 11. Re1 Bf5 12. d3 Nb4 13. Na3 Rac8 14. Re3
Nd5 15. Nxd6 cxd6 16. Rf3 Bg6 17. c3 f5 18. Nb5 a6 19. Nxd6 Rc6 20. Nxb7 e4 21.
dxe4 fxe4 22. Rxf8+ Kxf8 23. Na5 Rd6 24. Bg5 h6 25. Bh4 e3 26. Nc4 exf2+ 27.
Bxf2 Rf6 28. Bc5+ Kg8 29. Re1 {[Remainder illegible]} 1-0